Technology empowering the masses (Record no. 521050)

000 -LEADER
fixed length control field 00882nam a22001457a 4500
008 - FIXED-LENGTH DATA ELEMENTS--GENERAL INFORMATION
fixed length control field 221208b ||||| |||| 00| 0 eng d
100 ## - MAIN ENTRY--PERSONAL NAME
Personal name Purkyastha, B.S.
245 ## - TITLE STATEMENT
Title Technology empowering the masses
260 ## - PUBLICATION, DISTRIBUTION, ETC. (IMPRINT)
Place of publication, distribution, etc Kurukshetra
300 ## - PHYSICAL DESCRIPTION
Extent 71(1), Nov, 2022: p.22-26
520 ## - SUMMARY, ETC.
Summary, etc Policies and programmes of the government not only outline the blueprint for economic development of the country but also ensure that the fruits of economic development reach the walker sections of the population. The key to success of any regulations and schemes run by the government is implantation continuous monitoring and audit. The repaid adoption of digital technology in the last few years has laid the framework for making delivery of government schemes easier and more efficient. – Reproduced
773 ## - HOST ITEM ENTRY
Main entry heading Kurukshetra
906 ## - LOCAL DATA ELEMENT F, LDF (RLIN)
Subject DIP SCIENCE AND TECHNOLOGY
942 ## - ADDED ENTRY ELEMENTS (KOHA)
Item type Articles
Holdings
Withdrawn status Lost status Source of classification or shelving scheme Damaged status Not for loan Permanent location Current location Date acquired Serial Enumeration / chronology Barcode Date last seen Koha item type
          Indian Institute of Public Administration Indian Institute of Public Administration 2022-12-08 71(1), Nov, 2022: p.22-26 AR127610 2022-12-08 Articles

Powered by Koha